00761cam a22002771 4500001001300000003000400013005001700017008004100034010001700075035002000092040001800112041001400130042001200144050001500156130002400171245003200195260001000227300001900237440004300256500004800299500003300347650003200380700002300412740003100435999001700466sa 65008011 DLC20260227112152.0900212s1963 ii 000 0 sano  asa 65008011  a(OCoLC)21054268 aDLCcWaUdDLC0 asanenghin apremarc00aPK669b.V40 aVedas.kSelections.10aVaidikasūkta-mañjarī. c1963. a100 p.c19 cm. 0aVidyabhawan Sanskrit granthamala,v102 aAdded t. p.: The Vedic sūkta maṅjarī. aEnglish, Hindi and Sanskrit. 0aSanskrit languagexReaders.1 aSastri, Ramkrisna.0 aVedic sūkta maṅjarī. c65483d65483